Art for Yale : (Record no. 290)

MARC details
000 -LEADER
fixed length control field 01340cam a22003254a 4500
005 - DATE AND TIME OF LATEST TRANSACTION
control field 20260322212014.0
008 - FIXED-LENGTH DATA ELEMENTS--GENERAL INFORMATION
fixed length control field data
010 ## - LIBRARY OF CONGRESS CONTROL NUMBER
LC control number 2001098322
040 ## - CATALOGING SOURCE
Original cataloging agency DLC
Transcribing agency DLC
Modifying agency DLC
042 ## - AUTHENTICATION CODE
Authentication code pcc
043 ## - GEOGRAPHIC AREA CODE
Geographic area code n-us-ct
050 00 - LIBRARY OF CONGRESS CALL NUMBER
Classification number N590
Item number .A53 2001
082 00 - DEWEY DECIMAL CLASSIFICATION NUMBER
Classification number 708.146/8
Edition information 21
092 ## - LOCALLY ASSIGNED DEWEY CALL NUMBER (OCLC)
Classification number 708.146 A53 2001
001 - CONTROL NUMBER
control field data
100 1# - MAIN ENTRY--PERSONAL NAME
Personal name Matheson, Susan B.
245 10 - TITLE STATEMENT
Title Art for Yale :
Remainder of title a history of the Yale University Art Gallery /
Statement of responsibility, etc. Susan B. Matheson & Yale University.
250 ## - EDITION STATEMENT
Edition statement 1st ed.
260 ## - PUBLICATION, DISTRIBUTION, ETC.
Place of publication, distribution, etc. New Haven, Conn. :
Name of publisher, distributor, etc. Yale University Art Gallery,
Date of publication, distribution, etc. c2001.
300 ## - PHYSICAL DESCRIPTION
Extent xi, 300 p. :
Other physical details ill. (some col.) ;
Dimensions 30 cm.
500 ## - GENERAL NOTE
General note Exhibition shown at the Yale University Art Gallery, New Haven, Conn., April 19-August 19, 2001.
504 ## - BIBLIOGRAPHY, ETC. NOTE
Bibliography, etc. note Includes bibliographical references (p. 260-270) and index.
610 20 - SUBJECT ADDED ENTRY--CORPORATE NAME
Corporate name or jurisdiction name as entry element Yale University.
Subordinate unit Art Gallery
Form subdivision Exhibitions.
610 20 - SUBJECT ADDED ENTRY--CORPORATE NAME
Corporate name or jurisdiction name as entry element Yale University.
Subordinate unit Art Gallery
General subdivision History.
650 #0 - SUBJECT ADDED ENTRY--TOPICAL TERM
Topical term or geographic name entry element Art
Geographic subdivision New Haven
-- New Haven
Form subdivision Exhibitions.
710 2# - ADDED ENTRY--CORPORATE NAME
Corporate name or jurisdiction name as entry element Yale University.
Subordinate unit Art Gallery.
906 ## - LOCAL DATA ELEMENT F, LDF (RLIN)
a 7
b cbc
c orignew
d 2
e epcn
f 20
g y-gencatlg
925 0# -
-- acquire
-- 2 shelf copies
-- policy default
955 ## - COPY-LEVEL INFORMATION (RLIN)
-- jp99 2002-06-04
-- jk77 2002-06-04 to Dewey
Holdings
Withdrawn status Lost status Damaged status Not for loan Home library Current library Shelving location Date acquired Total checkouts Full call number Barcode Date last seen Price effective from Koha item type
        Centerville Centerville General stacks 22/03/2026   708.146/8 21 BC0010299 22/03/2026 22/03/2026 Books